Normal people. A novel.
-д хадгалсан:
| Үндсэн зохиолч: | |
|---|---|
| Формат: | Үл мэдэгдэх |
| Хэвлэсэн: |
London, United Kingdom:
Hogarth,
2020.
|
| Цуврал: | A Hulu Original Series.
|
| Нөхцлүүд: | |
| Шошгууд: |
Шошго нэмэх
Шошго байхгүй, Энэхүү баримтыг шошголох эхний хүн болох!
|
MARC
| LEADER | 00000 a2200000 4500 | ||
|---|---|---|---|
| 003 | CL-VaPUC | ||
| 005 | 20230717174105.0 | ||
| 008 | 230712t2020 ||||| |||| 00| 0 eng d | ||
| 999 | |c 441177 |d 441175 | ||
| 020 | |a 9781984822185 | ||
| 040 | |c Pontificia Universidad Católica de Valparaíso | ||
| 082 | 7 | |a 823 ROO 2020 |2 22 | |
| 100 | |a Rooney, Sally |9 883157 |e author | ||
| 245 | |a Normal people. |b A novel. | ||
| 260 | |a London, United Kingdom: |b Hogarth, |c 2020. | ||
| 300 | |a 287 páginas. | ||
| 490 | |a A Hulu Original Series. | ||
| 583 | |k GC |c 20230712 | ||
| 650 | |a Novelas irlandesas |9 266298 | ||
| 650 | 0 | |a Amistad |9 307341 |x Novelas irlandesas | |
| 942 | |2 ddc |c BK | ||
| 952 | |0 0 |1 0 |2 ddc |4 0 |6 823_000000000000000_ROO_2020 |7 0 |8 A |9 590758 |a BIBEDU |b BIBEDU |c GEN |d 2023-07-10 |e 3 |g 14934.34 |i 5657966 |l 5 |m 1 |o 823 ROO 2020 |p 5657966 |r 2024-04-24 |s 2024-04-17 |t 3 |v 14934.34 |w 2023-07-10 |y BK |k LIT | ||
| 952 | |0 0 |1 0 |2 ddc |4 0 |6 823_000000000000000_ROO_2020 |7 0 |8 A |9 590759 |a BIBEDU |b BIBEDU |c GEN |d 2023-07-10 |e 3 |g 14934.34 |i 5657965 |l 5 |m 4 |o 823 ROO 2020 |p 5657965 |r 2025-04-02 |s 2025-03-14 |t 2 |v 14934.34 |w 2023-07-10 |y BK |k LIT | ||
| 952 | |0 0 |1 0 |2 ddc |4 0 |6 823_000000000000000_ROO_2020 |7 0 |8 A |9 590760 |a BIBEDU |b BIBEDU |c GEN |d 2023-07-10 |e 3 |g 14934.34 |i 5657964 |l 9 |m 7 |o 823 ROO 2020 |p 5657964 |r 2025-04-10 |s 2025-03-21 |t 1 |v 14934.34 |w 2023-07-10 |y BK |k LIT | ||